000 00788nam a2200253Ia 4500
003 OSt
005 20220930072942.0
006 a|||||r|||| 00| 0
007 ta
008 220926b |||||||| |||| 00| 0 eng d
024 _a25724
037 _cTheses
040 _aCRL
_cCRL
_beng
041 _2eng
_aeng
100 _aBajaj Varsha
_9530751
110 _aUniversity of Delhi. Faculty of Social Sciences. Department of History
245 0 _aTirthas in Madhya Pradesh (C.A.D. 500-1200) an historical analysis.
260 _c1999
650 _aHISTORY
700 _a Shrimali K.M. Supervisor
_9530752
700 _aUniversity of Delhi. Faculty of Social Sciences. Department of History
942 _cDIS
_2CC
999 _c864491
_d864491